00678nam a2200241 a 4500001001300000003000900013005001700022008004100039020001000080082001800090100002200108245002200130260003600152300000900188500003500197505001700232650002000249700002200269902000800291942000700299952011500306999001500421nice12345678IN_TiNIC20260116012823.0050524s1978 hyda grp 000 0 urd  ac3.500a891.4393bBEK aBekal, Kedar Nath aMuntakhab Afsaney aHyderabadbHyder and Sonsc1978 a144p aincludes index and biblioraphy2 aBibliography aUrdu-Literature1 aBekal, Kedar Nath bSRS cBK 001040708StackRoom-aHMIbHMId2007-05-31g3.50l0o891.4393 BEKp013061r2007-05-31v3.50w2005-05-24yBK c8516d8516